| 000 | 00834nam a2200229 a 4500 | ||
|---|---|---|---|
| 001 | BRCA_2198 | ||
| 005 | 20190320203718.0 | ||
| 008 | 841231s1983 mx-a---##b---f001-0#spa-# | ||
| 020 | _a9685806543 | ||
| 040 |
_aDLC _cDLC _dDLC |
||
| 050 | 4 |
_aN6554 _b.F47 1983 |
|
| 100 | 1 |
_aFernández, Justino _d1904 - 1972 _96551 |
|
| 245 | 1 | 0 |
_aEl arte del siglo XIX en México _cJustino Fernández. |
| 250 | _a3 | ||
| 260 |
_aMéxico _bUNAM, Instituto de Investigaciones Estéticas _c1983 |
||
| 300 |
_avi, 256 p. _bil. (algunas a color) _c28 cm. |
||
| 500 | _aIncluye apéndices de documentos, índice de ilustraciones, índice de ilustraciones a color (343 ilustraciones) e índice de nombres | ||
| 504 | _aBibliografía : p. 228-232 | ||
| 650 | 1 | 4 |
_aArte mexicano _ySiglo XIX _94705 |
| 650 | 1 | 4 |
_aArte _ySiglo XIX _zMéxico _9901 |
| 942 |
_2lcc _cB |
||
| 999 |
_c1954 _d1954 |
||